Can you name all teams from B&H Premier league - Statistics

General Stats
  • This quiz has been taken 4 times
  • The average score is 5 of 12
Answer Stats
Position Answer % Correct
4. Sarajevo
100%
1. Borac Banja Luka
50%
10. Igman Konjic
50%
5. Posušje
50%
8. Široki Brijeg
50%
12. Sloboda Tuzla
50%
7. Sloga Doboj
50%
6. Željezničar
50%
2. Zrinjski
50%
9. GOŠK Gabela
0%
11. Radnik
0%
3. Velež
0%
No matching quizzes found
Score Distribution
Percent of People with Each Score
Percentile by Number Answered
Your Score History
You have not taken this quiz